Statistics for Italy U-21 Squad (2019 UEFA European Championship)

Click here to take the quiz!

General Stats

  • This quiz has been taken 8 times
  • The average score is 9 of 23

Answer Stats

RuoloGiocatoreClub% Correct
STMoise KeanJuventus
100%
GKAlex MeretNapoli
71%
WFederico ChiesaFiorentina
71%
CMNicolò ZanioloAS Roma
71%
STPatrick CutroneAC Milan
71%
CMSandro TonaliBrescia
71%
CBGianluca ManciniAtalanta
57%
CMLorenzo PellegriniAS Roma
57%
CMNicolò BarellaCagliari
57%
CBAlessandro BastoniParma
29%
STAndrea PinamontiFrosinone
29%
GKEmil AuderoSampdoria
29%
LBFederico DimarcoParma
29%
CBKevin BonifaziSPAL
29%
GKLorenzo MontipòBenevento
29%
CMManuel LocatelliSassuolo
29%
WRiccardo OrsoliniBologna
29%
CMRolando MandragoraUdinese
29%
CMAlessandro MurgiaSPAL
14%
CBArturo CalabresiBologna
14%
RBClaud AdjapongSassuolo
14%
CBFilippo RomagnaCagliari
14%
LBGiuseppe PezzellaGenoa
0%

Score Distribution

Percentile by Number Answered

Percent of People with Each Score

Your Score History

You have not taken this quiz